=LDR 00000nam 2200000 4500 =001 INLIS000000000006908 =005 20251117024746 =035 ##$$a 0010-1125000782 =007 ta =008 251117###########################0#ind## =082 ##$$a 362.196 =084 ##$$a 362.196 DJA b =100 #$$a Djakfar Murod =245 1#$$a Bentuk-Bentuk Kegiatan Yang Dapat Dilakukan Oleh Kkn dalam Menunjang Program Kependudukan dan KB /$c Universitas Sriwijaya =260 ##$$a Bogor :$b Universitas Sriwijaya,$c 1981 =300 ##$$a 9 Hal : $b Ilus ; $c 21 =650 #4$$a Keluarga Berencana =856 ##$$a Perpustakaan Kemendukbangga